000 00478nam a2200145Ia 4500
008 100122s9999 xx 000 0 und d
082 _b37381
_a822
100 _aदारव्हेकर पुरुषोत्तम
245 _aअबोल झाली सतार
260 _bशिरीष प्रकाशन
_c1905
300 _a128
630 _aअबोल झाली सतार
730 _aअबोल झाली सतार
942 _cBOOK
999 _c419840
_d419837